00427nam a2200169Ia 450000500170000000800410001702000140005804000190007204100120009108200160010310000210011924500400014026000280018030000160020865000230022485000100024720240801115223.0131103s9999 xx 000 0 und d a435018000 aLoreto College aEnglish a821.07bSER aSerraillier, Ian aPoems and picturescIan Serraillier aLondonbHeinemannc1958 a64p.b pic. aEnglish literature aLCBED